| 000 | 03297cam a22006734i 4500 | ||
|---|---|---|---|
| 003 | PE-LiUPU | ||
| 005 | 20250731170456.0 | ||
| 008 | 150706s2011 sp a r 000 0 spa d | ||
| 020 | _a8436262751 | ||
| 020 | _a9788436262759 | ||
| 035 | _a(Sirsi) i9788436262759 | ||
| 040 |
_aPE-LiUPU _bspa _cPE-LiUPU _dPE-LiUPU _erda |
||
| 049 | _aPRUA | ||
| 082 | 0 | 4 |
_a155.264 _bP8 _221 |
| 245 | 0 | 0 |
_aPsicología de la personalidad / _cJosé Bermúdez Moreno, Ana María Pérez-García, José Antonio Ruiz Caballero, Pilar Sanjuán Suárez, Beatriz Rueda Laffond. |
| 264 | 1 |
_aMadrid : _bUniversidad Nacional de Educación a Distancia, _c2011. |
|
| 300 |
_a746 páginas : _bilustraciones ; _c24 centímetros. |
||
| 336 |
_atext _2rdacontent |
||
| 337 |
_aunmediated _2rdamedia |
||
| 338 |
_avolume _2rdacarrier |
||
| 490 | 0 | _aGrado | |
| 505 | 0 | _aDelimitación conceptual -- Introducción al estudio de la personalidad: unidades de análisis -- Investigación en personalidad: método y estrategias de análisis -- Influencias genéticas y culturales en la personalidad -- Estabilidad de la personalidad -- Determinantes dinámicos -- La motivación en el sistema de la personalidad -- Afectividad negativa y personalidad -- Afectividad positiva y personalidad -- Factores cognitivos y personalidad -- Integración de la personalidad -- Aproximaciones socio cognitivas al estudio de la personalidad -- El proceso adaptativo -- Autorregulación de la conducta -- Aplicaciones -- Introducción a los trastornos de personalidad desde la psicología de la personalidad -- personalidad y enfermedad -- Personalidad, procesos psicosociales y conducta de salud. | |
| 526 | _aSEG68 | ||
| 526 | _aSEG70 | ||
| 526 | _aSEG69 | ||
| 526 | _aSEG67 | ||
| 526 | _aSEG43 | ||
| 526 | _aP144 | ||
| 526 | _aP143 | ||
| 526 | _aP131 | ||
| 526 | _aP122 | ||
| 526 | _aP120 | ||
| 526 | _aP117 | ||
| 526 | _aP112 | ||
| 526 | _aP110 | ||
| 526 | _aP106 | ||
| 526 | _aP101 | ||
| 526 | _aP80 | ||
| 526 | _aP59 | ||
| 526 | _aP54 | ||
| 526 | _aP35 | ||
| 526 | _aP33 | ||
| 526 | _aP30 | ||
| 541 | _g001-000069; | ||
| 541 | _g001-000069; | ||
| 650 | 0 | 4 |
_aPersonalidad. _91760 |
| 700 | 1 | _aBermúdez Moreno, José | |
| 710 | 2 | _aSanjuán Suárez, Pilar | |
| 700 | 1 |
_aPérez-García, Ana María, _eautor. |
|
| 700 | 1 |
_aRuiz Caballero, José Antonio, _eautor. |
|
| 910 |
_agl _bjv _clch _d20121223 |
||
| 942 |
_2ddc _cBOOK |
||
| 949 |
_a155.264 P8 _wDEWEY _c1 _i66036 _lCCODEBUL1 _mBUL _p95.00 _r0 _sY _tBOOK _u2015-7-6 _xSALUD _PP33 _o.STAFF. Colección Ciencias de la Salud |
||
| 949 |
_a155.264 P8 _wDEWEY _c2 _i66037 _lCCODEBUL1 _mBUL _p95.00 _r0 _sY _tBOOK _u2015-7-6 _xSALUD _PP33 _o.STAFF. Colección Ciencias de la Salud |
||
| 994 |
_aC0 _bPEPRU |
||
| 596 | _a1 | ||
| 999 |
_a155.264 P8 _wDEWEY _c54390 _i66036 _d54390 _e2022-4-25 _f2021-11-3 _g6 _lCCODEBUL1 _mBUL _n21 _p95.00 _q4 _r0 _sY _tBOOK _u2015-7-6 _xSALUD _PP33 _0COMPRA _o.STAFF. Colección Ciencias de la Salud |
||
| 999 |
_a155.264 P8 _wDEWEY _c2 _i66037 _d2019-8-12 _e2019-8-6 _f2021-11-3 _g5 _lCCODEBUL1 _mBUL _n24 _p95.00 _q7 _r0 _sY _tBOOK _u2015-7-6 _xSALUD _PP33 _0COMPRA _o.STAFF. Colección Ciencias de la Salud |
||
| 980 |
_81 _gALBERTO SANCHEZ Responsable de Automatización |
||